| 000 | 00462nam a2200181Ia 4500 | ||
|---|---|---|---|
| 001 | 23759 | ||
| 003 | GE_BSU | ||
| 008 | 181216s||||||||xx |||||||||||||| ||und|| | ||
| 040 | _cGE_BSU | ||
| 245 | 4 | _aThe Economist, oqtober20TH-26TH 9114.2018 | |
| 260 | _alondon | ||
| 260 | _c2018 | ||
| 300 | _a82p;ill;27cm; | ||
| 653 | _aThe Economist, oqtober20TH-26TH 9114. 2018 | ||
| 653 | _aПериодика | ||
| 653 | _aპერიოდიკა | ||
| 942 | _cCR | ||
| 999 |
_c56637 _d56637 |
||